000 00460nam a2200181Ia 4500
005 20250508155650.0
008 008 250505s9999 xx 000 0 hin d
037 _aTextual
040 _aFEDL
_beng
_cFEDL
041 _ahin
_2hin
084 _aB, PAN
_qFEDL
100 _aKatgade Pundlikaji Ed.
_9767221
245 0 _aAnugrah
260 _aBailgaon
_bPundlikaji
_c1962
300 _a200p
942 _cTEXL
_hB, PAN
999 _c1358653
_d1358653